000 00318 a2200133 4500
001 76083
040 _cAnchieta - Colégio São Paulo
240 1 0 _aBranca de Neve e os sete anões
_lpor
245 1 0 _aBranca de Neve e os sete anões
300 _a[16]
362 0 _a1968
650 4 _aLiteratura infantil
942 _cBK
999 _c76083
_d76083